000 00380nam a2200145 i 4500
001 bg
100 1 _aKotarbiński, Tadeusz
_d(1886-1981).
245 0 _aMedytacje o życiu godziwym /
_cTadeusz Kotarbiński.
250 _aWyd.4.
260 _aWarszawa :
_bWiedza Powszechna,
_c1985.
040 _cBPK
041 _apol
942 _cKS
008 s pl f |000 0 pol
999 _c22965
_d22965
856 _uhttp://koha.tu.koszalin.pl/cgi-bin/koha/opac-detail.pl?biblionumber=22965
_yKatalog online BPK